| 000 | 00563 a2200169 4500 | ||
|---|---|---|---|
| 999 |
_c8196 _d8196 |
||
| 020 | _a------ | ||
| 050 | _aHQ 1101 BEY 1997 | ||
| 100 | _aDatta, Kussum | ||
| 245 |
_aBeyond inequalities: _bwomen in Botswana/ _cWritten by Dr Kussum Datta, Elsie Alexander and Dr Banu Arzamund Khan |
||
| 264 |
_aGaborone: _bWomen in Development Southern Africa Awareness, _c1997 |
||
| 300 |
_a114p.: _bill. ( col.) |
||
| 500 | _aIncludes appendix | ||
| 650 | _aWomen and development | ||
| 700 | _aAlexander, Elsie | ||
| 700 | _aKhan Ban Arzamund | ||
| 942 |
_2lcc _cBK _h1101 _iBEY _kHQ |
||